| 000 | 01026nam a2200313 a 4500 | ||
|---|---|---|---|
| 001 | 000011852 | ||
| 003 | DO-SdBPM | ||
| 005 | 20250626120233.0 | ||
| 007 | ta | ||
| 008 | 091028s1982 dr 000 j spa d | ||
| 040 |
_aDO-SdBPM _bspa _cBPMSU _drda |
||
| 082 | 4 |
_aRD863.44 _bC352v 1982 _222 |
|
| 100 | 1 |
_aCastillo, Rafael Eduardo _d1948- _eautor |
|
| 245 | 1 | 3 |
_aLa viuda de Martín Contreras y otros cuentos / _cRafael Eduardo Castillo. |
| 264 |
_aSanto Domingo : _bAmigo del Hogar, _c1982. |
||
| 300 |
_a80 páginas. ; _c22 cm. |
||
| 336 |
_atexto _btxt _2rdacontent |
||
| 337 |
_asin mediación _bn _2rdamedia |
||
| 338 |
_avolumen _bnc _2rdacarrier |
||
| 500 | _aIncluye datos biográficos en del autor en la solapa de la cubierta | ||
| 586 | _aPremio Nacional 1981 | ||
| 590 | _aInventariado, 2025/VM | ||
| 650 | 7 | _aCuentos dominicanos | |
| 650 | 7 | _aLiteratura dominicana. | |
| 650 | z | _aShort stories, Dominican | |
| 650 | z | _aDominican literature | |
| 910 | _aVMateo V. Control de calidad BPMSU | ||
| 942 |
_2ddc _cBK |
||
| 999 |
_c15228 _d15228 |
||